| 000 | 00708nam a22002537a 4500 | ||
|---|---|---|---|
| 001 | 000719 | ||
| 003 | DO-SdBNP | ||
| 005 | 20180212153814.0 | ||
| 007 | 000719 | ||
| 008 | 161118b 2007 sp a ||||| |||| 00| 0 spa d | ||
| 020 | _a9788424117757 | ||
| 040 |
_aBPMSU _bspa _cBPMSU |
||
| 082 |
_axxxx _bxxxx |
||
| 100 | 1 | _aLópez Gómez, Luisa M. | |
| 245 | 1 | 0 |
_aAprendo con la-- i / _c[Disney, Pixar]. |
| 260 |
_aLeón : _bEverest Internacional, _c2007. |
||
| 300 |
_a15 p. : _bil. ; _c22 cm. |
||
| 490 | 1 | _aLeo con Disney | |
| 500 | _aPrecede al título: Disney | ||
| 830 | 0 | _aLeo con Disney | |
| 942 |
_2ddc _cBK |
||
| 945 | _aInventariado, 2018/ YL | ||
| 956 |
_2LOPEREZ _310 _620161118 _8BPMSU _a00041 |
||
| 999 |
_c11998 _d11998 |
||